01996nam a2200409 a 4500001001200000003000800012006001900020007001500039008004100054010001700095020003800112020003500150020002700185040002100212035002100233043001200254050002600266082002100292100002700313245009200340260005800432300002200490440002900512504005100541505036900592533015200961600003201113610004501145650005101190650005401241650006701295650003501362655002901397710001701426856012601443999001701569ebr10639522CaPaEBRm u cr cn|||||||||091029s2010 nmua sb s001 0beng d z 2009045999 z9780826348104 (pbk. : alk. paper) z0826348106 (pbk. : alk. paper) z9780826348111 (e-book) aCaPaEBRcCaPaEBR a(OCoLC)824698497 an-us---14aHD8073.J6bC67 2010eb04a331.88092aB2221 aCordery, Simon,d1960-10aMother Jonesh[electronic resource] :braising Cain and consciousness /cSimon Cordery. aAlbuquerque :bUniversity of New Mexico Press,c2010. ax, 213 p. :bill. 0aWomen's biography series aIncludes bibliographical references and index.0 aIntroduction : Mother Jones and the American labor movement -- An Irish inheritance -- Leaving homes -- The making of Mother Jones -- Sampling the labor scene -- Organizing coal country -- Calling on President Roosevelt -- Defending undesirables, promoting socialism -- The coal war resumed -- Massacre at Ludlow -- Streetcars and steel -- Mother Jones of America. aElectronic reproduction.bPalo Alto, Calif. :cebrary,d2013.nAvailable via World Wide Web.nAccess may be limited to ebrary affiliated libraries.10aJones,cMother,d1837-1930.20aUnited Mine Workers of AmericaxHistory. 0aWomen labor leaderszUnited StatesvBiography. 0aWomen social reformerszUnited StatesvBiography. 0aCoal minersxLabor unionsxOrganizingzUnited StatesxHistory. 0aLaborzUnited StatesxHistory. 7aElectronic books.2local2 aebrary, Inc.40uhttp://site.ebrary.com/lib/rucke/Doc?id=10639522zAn electronic book accessible through the World Wide Web; click to view c48756d48756